[Event "Muscat-ch op"]
[Site "Muscat"]
[Date "2024.12.26"]
[Round "1"]
[White "Fawaz, Mohamad"]
[Black "Mathi, Amudhann Ramar"]
[Result "1/2-1/2"]
[WhiteElo "1893"]
[BlackElo "1456"]
[PlyCount "107"]
[EventDate "2024.12.26"]
[EventType "swiss"]
[EventRounds "9"]
[EventCountry "OMN"]
[SourceTitle "CB01_2025"]
[SourceDate "2025.01.01"]
[SourceVersion "1"]
[SourceVersionDate "2025.01.01"]
[SourceQuality "1"]

1. e4 e5 2. Nf3 Nc6 3. Bc4 Nf6 4. d3 h6 5. c3 Bc5 6. 0-0 d6 7. a4 a6 8. h3 Be6 9. Nbd2 0-0 10. b4 Ba7 11. Re1 d5 12. exd5 Bxd5 13. Ba3 Re8 14. b5 axb5 15. axb5 Na5 16. Rxe5 Rxe5 17. Nxe5 Nxc4 18. Ndxc4 Bxc4 19. Nxc4 Qd5 20. Rb1 Rd8 21. Rb2 Qxc4 22. Rd2 Qxb5 23. Be7 Re8 24. Bxf6 gxf6 25. d4 Qc4 26. Qg4+ Kh7 27. Qf5+ Kg7 28. Rd3 Re1+ 29. Kh2 Qe6 30. Rg3+ Kf8 31. Qf4 c6 32. Qxh6+ Ke7 33. Rg8 Bb8+ 34. f4 Bc7 35. Qf8+ Kd7 36. Qc8+ Kd6 37. Qxb7 Qe4 38. Rg4 Qb1 39. Qxb1 Rxb1 40. c4 Ke6 41. d5+ cxd5 42. cxd5+ Kxd5 43. h4 f5 44. Rg7 Bxf4+ 45. g3 Rb2+ 46. Kh3 Rb3 47. Kg2 Rxg3+ 48. Rxg3 Bxg3 49. Kxg3 Ke5 50. h5 Kf6 51. Kf4 Kg7 52. Kxf5 Kh6 53. Kf6 Kxh5 54. Kxf7 1/2-1/2